[Event "N4"]
[Site "Boomscud"]
[Date "2007.03.18"]
[Round "6.3"]
[White "Devos, Hervé"]
[Black "Lacresse, Régis"]
[Result "0-1"]
[WhiteElo "1877"]
[BlackElo "1880"]
[EventDate "2007.??.??"]
[PlyCount "102"]

1.e4 Nf6 2.e5 Nd5 3.c4 Nb6 4.d4 d6 5.exd6 cxd6 6.h3 e6 7.Nf3 Be7 8.Bd3 Nc6
9.a3 Bd7 10.O-O a5 11.Nc3 a4 12.Bf4 Na5 13.Nd2 Rc8 14.Qe2 g5 15.Bh2 Bc6 
16.d5 Bd7 17.Nce4 e5 18.Nxd6+ Kf8 19.Bxe5 f6 20.Qh5 Bxd6 21.Qh6+ Kf7 22.
Bxd6 Nbxc4 23.Nxc4 Nxc4 24.Bxc4 Rxc4 25.Rfe1 Rh4 26.Be7 Rxh6 27.Bxd8 Rxd8 
28.d6 Re8 29.Rxe8 Kxe8 30.Re1+ Kd8 31.Re7 f5 32.Rg7 Rxd6 33.Rxg5 Rg6 34.
Rh5 h6 35.Rh4 Rb6 36.Rd4 Rxb2 37.Rd6 Rb3 38.Rxh6 Rxa3 39.h4 Rd3 40.Rb6 Kc7
41.Rb1 b5 42.h5 Rd6 43.f3 Kb6 44.Kf2 Ka5 45.Re1 a3 46.Rh1 f4 47.h6 Rd2+ 
48.Ke1 Rb2 49.Rh5 a2 50.Rxb5+ Kxb5 51.h7 a1=Q# 0-1

[Event "N4"]
[Site "Boomscud"]
[Date "2007.03.18"]
[Round "6.2"]
[White "Vialaret, Laurent"]
[Black "Tardif, Olivier"]
[Result "0-1"]
[WhiteElo "2088"]
[BlackElo "1987"]
[EventDate "2007.??.??"]
[PlyCount "62"]

1.d4 Nf6 2.Nc3 d6 3.e4 g6 4.f4 Bg7 5.e5 dxe5 6.fxe5 Nfd7 7.Nf3 c5 8.e6 
fxe6 9.Ng5 Nf6 10.Bc4 cxd4 11.Bxe6 Bxe6 12.Nxe6 Qd6 13.Qe2 dxc3 14.Bf4 Qb4
15.Nc7+ Kf8 16.O-O Qb6+ 17.Kh1 Na6 18.Nxa8 Qd8 19.Rae1 cxb2 20.Qe5 b1=Q 
21.Rxb1 Qxa8 22.Bh6 Qd8 23.Bxg7+ Kxg7 24.Rxb7 Re8 25.Re1 Kf8 26.Rxa7 Nb4 
27.Qb2 Qd2 28.Rf1 Nd5 29.a4 Rc8 30.Qe5 Qe3 31.Qxd5 Qxa7 0-1

[Event "N4"]
[Site "Boomscud"]
[Date "2007.03.18"]
[Round "6.1"]
[White "Roques, Pascal"]
[Black "Noll, Domink"]
[Result "0-1"]
[WhiteElo "2000"]
[BlackElo "2100"]
[EventDate "2007.??.??"]
[PlyCount "40"]

1.Nc3 e5 2.Nf3 d6 3.d4 exd4 4.Nxd4 Nf6 5.Bg5 Be7 6.e3 O-O 7.Bd3 c6 8.O-O 
d5 9.Nf5 Bxf5 10.Bxf5 b5 11.Qf3 Nbd7 12.Qh3 g6 13.Bxd7 Nxd7 14.Bxe7 Qxe7 
15.Rfe1 f5 16.Rad1 Rae8 17.f3 Qc5 18.Ne4 fxe4 19.Qxd7 exf3 20.gxf3 Rxe3 
0-1

[Event "N4"]
[Site "?"]
[Date "2007.03.19"]
[Round "6"]
[White "Jarlaud, Lucas"]
[Black "Quatermain"]
[Result "0-1"]
[WhiteElo "1490"]
[BlackElo "1820"]
[EventDate "2007.04.01"]
[PlyCount "42"]

1.g3 Nf6 2.Bg2 e6 3.f4 d5 4.Nf3 c5 5.d3 Nc6 6.O-O Bd6 7.c3 Qb6 8.Kh1 O-O 
9.Qe1 d4 10.e4 dxe3 11.Bxe3 Qxb2 12.Qd2 Qxd2 13.Nbxd2 Be7 14.Nb3 Rd8 15.
Rad1 Nd5 16.Bd2 Rb8 17.d4 cxd4 18.cxd4 b6 19.Ne5 Nxe5 20.dxe5 Bb7 21.Rf2 
Ne3 0-1

[Event "N4"]
[Site "?"]
[Date "2007.03.19"]
[Round "6"]
[White "Alladaye René, Colomiers"]
[Black "Jarlaud Lévi, Ramonville"]
[Result "0-1"]
[WhiteElo "1910"]
[BlackElo "1680"]
[EventDate "2007.04.01"]
[PlyCount "62"]

1.Nf3 c5 2.e4 Nc6 3.d3 g6 4.g3 Bg7 5.Bg2 d6 6.O-O Nf6 7.c3 O-O 8.Na3 Rb8 
9.Nc2 b5 10.a3 a5 11.Nh4 b4 12.axb4 axb4 13.f4 Ne8 14.Bd2 bxc3 15.bxc3 Bd7
16.Qe2 Nc7 17.f5 Nb5 18.fxg6 hxg6 19.d4 cxd4 20.Rab1 Nxc3 21.Bxc3 dxc3 22.
Kh1 Qc7 23.Qc4 Be6 24.Qe2 Rb2 25.Rbc1 Nd4 26.Qf2 Nxc2 27.Rxc2 Rfb8 28.Bh3 
Rxc2 29.Qf3 Qd7 30.Bg2 Rcb2 31.Rc1 Rb1 0-1

[Event "R1 Tarbes2-Muret2"]
[Site "Tarbes"]
[Date "2007.03.19"]
[Round "6"]
[White "Grimal, Richard"]
[Black "Le Digabel, Patrick"]
[Result "1-0"]
[WhiteElo "1610"]
[BlackElo "1670"]
[EventDate "2007.??.??"]
[PlyCount "121"]

1.d4 d5 2.c3 g6 3.g3 Nf6 4.Bg2 Bg7 5.Nf3 O-O 6.O-O c6 7.Nbd2 Nbd7 8.h3 a5 
9.a4 Qc7 10.Re1 Re8 11.e4 dxe4 12.Nxe4 Nxe4 13.Rxe4 e5 14.Qe1 f5 15.Re2 e4
16.Nh2 Nf6 17.Bf4 Qd7 18.Be5 Nd5 19.Bxg7 Kxg7 20.Nf1 Qe7 21.Qd2 b6 22.Ne3 
Nf6 23.g4 Ba6 24.gxf5 Bxe2 25.fxg6 hxg6 26.Qxe2 Qe6 27.Nc4 Nd5 28.Ne5 Nf6 
29.Kh2 Rh8 30.f3 exf3 31.Qxf3 c5 32.Qb7+ Kh6 33.Nf7+ Kh5 34.Nxh8 Rxh8 35.
Qf3+ Kh6 36.Rf1 Kg7 37.dxc5 bxc5 38.Qb7+ Kf8 39.Qa8+ Kg7 40.Qa7+ Kg8 41.
Qxc5 Ng4+ 42.Kg1 Qe3+ 43.Qxe3 Nxe3 44.Re1 Nf5 45.Re8+ Kg7 46.Rxh8 Kxh8 47.
Kf2 Nd6 48.b3 Kg7 49.Ke2 Kf6 50.Kd3 Ke5 51.b4 axb4 52.cxb4 Ke6 53.b5 Kd7 
54.Bc6+ Kc7 55.a5 Nc8 56.Kd4 Ne7 57.Kc5 g5 58.a6 Nc8 59.a7 Nb6 60.a8=Q 
Nxa8 61.Bxa8 1-0

[Event "R1 Tarbes2-Muret2"]
[Site "Tarbes"]
[Date "2007.03.19"]
[Round "6"]
[White "Callejon, Bernard"]
[Black "Le Keguelin, Thierry"]
[Result "1-0"]
[WhiteElo "1610"]
[BlackElo "1499"]
[EventDate "2007.??.??"]
[PlyCount "73"]

1.d4 Nf6 2.c4 e6 3.Nc3 d5 4.Bg5 Be7 5.e3 O-O 6.cxd5 exd5 7.Nf3 Bg4 8.Be2 
c6 9.O-O Nbd7 10.Rc1 Rc8 11.Nd2 Bf5 12.Nb3 Re8 13.Bf4 Qb6 14.Bd3 Bxd3 15.
Qxd3 Nh5 16.Qf5 Ndf6 17.Be5 g6 18.Qf3 Nd7 19.Bg3 Bg5 20.Rce1 Ndf6 21.h4 
Bh6 22.Be5 Nd7 23.Bh2 Qd8 24.g4 Qxh4 25.gxh5 Re6 26.Kh1 Rf6 27.Qg2 Qxh5 
28.Ne2 Re8 29.Ng3 Qh4 30.Nd2 Nf8 31.Nf3 Qg4 32.Ne5 Qh4 33.Ne2 Ne6 34.Qg4 
Bg5 35.Qxh4 Bxh4 36.Rc1 Bxf2 37.Ng4 1-0

[Event "N4 - Loures-Barousse / Tournefeuille 2"]
[Site "?"]
[Date "2007.04.01"]
[Round "7"]
[White "Szitas, Gabor"]
[Black "Marni-Sandid, Tarik"]
[Result "1-0"]
[WhiteElo "2202"]
[BlackElo "1730"]
[EventDate "2007.04.03"]
[PlyCount "63"]

1.e4 a6 2.Bc4 e6 3.d4 b5 4.Bb3 c5 5.c3 c4 6.Bc2 Bb7 7.Nf3 d5 8.e5 Nc6 9.
O-O h6 10.h3 b4 11.Nh2 Rc8 12.Nd2 bxc3 13.bxc3 Qa5 14.Qf3 Ba3 15.Bxa3 Qxa3
16.Rfb1 Ba8 17.Rb6 Nge7 18.Ng4 Qa5 19.Rb2 Qc7 20.Rab1 Rb8 21.Nxc4 dxc4 22.
Rxb8+ Nd8 23.Qxa8 O-O 24.Qe4 Nf5 25.d5 g6 26.d6 Qc5 27.Nf6+ Kg7 28.Nd7 Qa5
29.Nxf8 Kxf8 30.R1b6 Qxc3 31.Rxd8+ Kg7 32.Rbb8 1-0

[Event "N4 - Loures-Barousse / Tournefeuille 2"]
[Site "?"]
[Date "2007.04.01"]
[Round "7"]
[White "Pinault, Ronan"]
[Black "Oriot, Patrice"]
[Result "0-1"]
[WhiteElo "1760"]
[BlackElo "2180"]
[EventDate "2007.04.03"]
[PlyCount "72"]

1.d4 e6 2.Nf3 b6 3.e3 Bb7 4.Bd3 f5 5.c4 Nf6 6.Nbd2 Bb4 7.a3 Bxd2+ 8.Bxd2 
O-O 9.O-O Ne4 10.Bb4 d6 11.Nd2 Nxd2 12.Qxd2 Nd7 13.Bc3 Qh4 14.f3 Rae8 15.
Qc2 Qg5 16.Rae1 g6 17.e4 f4 18.Qa4 Qe7 19.b4 a6 20.Bb2 e5 21.Bb1 Rf7 22.
Ba2 c5 23.bxc5 bxc5 24.dxe5 dxe5 25.Rd1 g5 26.Rd2 Nf6 27.Bb1 Rg7 28.Rfd1 
h5 29.Qb3 g4 30.Rd6 Bc8 31.Qb6 Nd7 32.Qb3 gxf3 33.Qxf3 Nf6 34.h3 Rg3 35.
Qf1 Bxh3 36.R6d2 f3 0-1

[Event "N4 - Loures-Barousse / Tournefeuille 2"]
[Site "?"]
[Date "2007.04.01"]
[Round "7"]
[White "Pinault, Maylis"]
[Black "David, Philippe"]
[Result "1-0"]
[WhiteElo "1460"]
[BlackElo "1530"]
[EventDate "2007.04.03"]
[PlyCount "93"]

1.e4 d5 2.exd5 Qxd5 3.Nc3 Qd6 4.d4 Nf6 5.Nf3 a6 6.Bg5 Bg4 7.h3 Bh5 8.Be2 
Nc6 9.d5 Nb4 10.Bxf6 Qxf6 11.a3 Bxf3 12.Bxf3 Qe5+ 13.Be2 Nxd5 14.Qxd5 Qxd5
15.Nxd5 O-O-O 16.Nc3 e5 17.O-O f5 18.Rad1 Bd6 19.Bc4 Kb8 20.Rfe1 g5 21.Nd5
h5 22.Nf6 Rh6 23.Nd5 h4 24.Ne3 Rf8 25.Ba2 Rg6 26.Nc4 g4 27.hxg4 fxg4 28.
Nxe5 Bxe5 29.Rxe5 g3 30.fxg3 h3 31.Rde1 Rxg3 32.Re8+ Rxe8 33.Rxe8+ Ka7 34.
Bd5 a5 35.Rg8 Rxg8 36.Bxg8 hxg2 37.Kxg2 b6 38.a4 c5 39.Kf3 Kb7 40.Ke4 Kc7 
41.Kd5 Kd7 42.b3 Kc7 43.Be6 Kb7 44.Kd6 Kb8 45.Kc6 Ka7 46.Bc8 Kb8 47.Kxb6 
1-0

[Event "N4 - Loures-Barousse / Tournefeuille 2"]
[Site "?"]
[Date "2007.04.01"]
[Round "7"]
[White "Osete, José"]
[Black "Moruzzi, Gérard"]
[Result "1-0"]
[WhiteElo "2037"]
[BlackElo "1499"]
[EventDate "2007.04.03"]
[PlyCount "67"]

1.e4 e5 2.Nf3 Nc6 3.Bb5 a6 4.Ba4 Nf6 5.d3 Be7 6.Bxc6 dxc6 7.Nxe5 O-O 8.h3 
Re8 9.O-O Bd6 10.Nf3 h6 11.Re1 Nd7 12.d4 Be7 13.a3 a5 14.Bf4 b6 15.Nc3 Bb7
16.Qd2 Bf8 17.Rad1 Rc8 18.Bg3 Be7 19.Qf4 Nf8 20.d5 Ng6 21.Qf5 Bd6 22.e5 
Ne7 23.Qh5 g6 24.Qxh6 Nf5 25.Qf4 Bxe5 26.Rxe5 Nxg3 27.dxc6 Qxd1+ 28.Nxd1 
Ne2+ 29.Rxe2 Ba6 30.Rxe8+ Rxe8 31.Qxc7 Be2 32.Qd7 Kf8 33.c7 Ba6 34.Ng5 1-0

[Event "N4 - Loures-Barousse / Tournefeuille 2"]
[Site "?"]
[Date "2007.04.01"]
[Round "7"]
[White "Knecht, Alain"]
[Black "Roques, Pascal"]
[Result "1-0"]
[WhiteElo "2280"]
[BlackElo "2000"]
[EventDate "2007.04.03"]
[PlyCount "49"]

1.e4 Nc6 2.Nf3 d6 3.d4 Nf6 4.Nc3 Bg4 5.Be3 e6 6.Be2 Be7 7.h3 Bh5 8.Nd2 
Bxe2 9.Qxe2 O-O 10.O-O d5 11.e5 Nd7 12.Na4 a6 13.b3 b5 14.Nb2 Qb8 15.a4 b4
16.Nd3 Qb6 17.Qg4 Kh8 18.Nf4 Rfd8 19.Nf3 Nf8 20.h4 Ng6 21.Nxg6+ hxg6 22.h5
gxh5 23.Qxh5+ Kg8 24.g4 Bf8 25.Ng5 1-0

[Event "N4 - Loures-Barousse / Tournefeuille 2"]
[Site "?"]
[Date "2007.04.01"]
[Round "7"]
[White "Egea, Claude"]
[Black "Pfeifer, Andréas"]
[Result "0-1"]
[WhiteElo "1650"]
[BlackElo "2130"]
[EventDate "2007.04.03"]
[PlyCount "102"]

1.d4 e6 2.Nf3 Nf6 3.g3 b6 4.Bg2 Bb7 5.O-O c5 6.c4 cxd4 7.Qxd4 Nc6 8.Qd1 
Be7 9.a3 a5 10.Nc3 Ba6 11.b3 O-O 12.e4 d6 13.Qc2 Rc8 14.Rd1 Qc7 15.Bb2 Qb8
16.Rd2 b5 17.cxb5 Bxb5 18.Rad1 Ba6 19.Bc1 Na7 20.Qb2 Rxc3 21.Qxc3 Nxe4 22.
Qb2 Nxd2 23.Bxd2 Bc4 24.Rb1 Bd3 25.Rc1 Bf6 26.Qa2 Rc8 27.Rxc8+ Qxc8 28.Be1
Qc1 29.Qd2 Qxd2 30.Bxd2 Nb5 31.Ne1 Bf5 32.Bxa5 Nxa3 33.Bb4 Nb5 34.Bc6 Nd4 
35.Ba4 d5 36.Bd6 Ne2+ 37.Kf1 Nc3 38.Nf3 Bc2 39.Nd2 Nxa4 40.bxa4 Bxa4 41.f4
Bb2 42.Ke2 Bc2 43.Nf3 f6 44.Bc7 Be4 45.Nd2 Bc2 46.Nf3 Kf7 47.Kd2 Be4 48.
Ke3 Bxf3 49.Kxf3 e5 50.Ke2 Ke6 51.Kd3 Kf5 0-1

[Event "N4 - Loures-Barousse / Tournefeuille 2"]
[Site "?"]
[Date "2007.04.01"]
[Round "7"]
[White "Devos, Hervé"]
[Black "Webb, Richard M"]
[Result "1/2-1/2"]
[WhiteElo "1877"]
[BlackElo "2279"]
[EventDate "2007.04.03"]
[PlyCount "32"]

1.e4 c5 2.d4 cxd4 3.c3 dxc3 4.Nxc3 Nc6 5.Bc4 e6 6.Nf3 a6 7.O-O b5 8.Bb3 
Nge7 9.Bg5 f6 10.Be3 Ng6 11.Qe2 Na5 12.Bc2 Bb4 13.e5 f5 14.Bxf5 exf5 15.
Nd5 Nc4 16.Nxb4 Nxe3 1/2-1/2

[Event "N4 - Loures-Barousse / Tournefeuille 2"]
[Site "?"]
[Date "2007.04.01"]
[Round "7"]
[White "Bricard, Hervé"]
[Black "Taravaud, Evelyne"]
[Result "1-0"]
[WhiteElo "2066"]
[BlackElo "1720"]
[EventDate "2007.04.03"]
[PlyCount "73"]

1.e4 c5 2.Nc3 Nc6 3.g3 Nf6 4.Bg2 d6 5.d3 e6 6.Nge2 Be7 7.O-O O-O 8.Kh1 Rb8
9.f4 Nd4 10.e5 dxe5 11.fxe5 Nd7 12.Bf4 b5 13.Nxd4 cxd4 14.Ne4 Rb6 15.Qh5 
Bb7 16.Qg4 f5 17.exf6 Nxf6 18.Nxf6+ Bxf6 19.Bxb7 Rxb7 20.Qxe6+ Kh8 21.Rae1
Rb6 22.Qe4 Qd7 23.Rf2 Rc6 24.Bg5 h6 25.Bxf6 Rcxf6 26.Rxf6 Rxf6 27.Qe8+ 
Qxe8 28.Rxe8+ Kh7 29.Kg2 Rc6 30.Re2 a6 31.Kf2 Rf6+ 32.Ke1 g5 33.Kd2 Kg6 
34.c4 b4 35.Kc2 h5 36.Kb3 a5 37.c5 1-0

[Event "R1 CEIT4 - MONTECH"]
[Site "Villeneuve-Tolosane"]
[Date "2007.04.01"]
[Round "7.6"]
[White "Sauty, Francis"]
[Black "Pigiere, Dominique"]
[Result "0-1"]
[WhiteElo "1330"]
[BlackElo "1690"]
[EventDate "2007.04.01"]
[PlyCount "96"]
[EventType "team"]
[WhiteTeam "MONTECH"]
[BlackTeam "CEIT4"]

1.e4 c6 2.d4 d5 3.e5 Bf5 4.Nf3 e6 5.Bd3 Bg4 6.O-O Ne7 7.Nbd2 Nd7 8.b3 Qc7 
9.Qe1 h5 10.h3 Bf5 11.Qe2 Bxd3 12.Qxd3 Nf5 13.Bb2 Be7 14.Rfe1 g5 15.Nh2 g4
16.Nhf1 gxh3 17.Qxh3 O-O-O 18.Ng3 Nh4 19.Re3 Rdg8 20.Nf3 Ng6 21.Ne2 h4 22.
Ne1 Rg7 23.Nd3 Rhg8 24.Nef4 Nxf4 25.Nxf4 Nf8 26.Kf1 Nh7 27.Ke2 Kb8 28.a4 
Bg5 29.g3 hxg3 30.Qxg3 Be7 31.Qh2 Nf8 32.Qh1 Rh7 33.Qd1 Rg4 34.Rf3 Bg5 35.
Bc1 Qe7 36.Bd2 Rhh4 37.Bb4 Qxb4 38.Qd3 Rxf4 39.Rxf4 Rxf4 40.Rd1 Re4+ 41.
Kf1 Qe7 42.a5 a6 43.c4 Rh4 44.cxd5 exd5 45.Rb1 Rh1+ 46.Ke2 Rxb1 47.Qxb1 
Ne6 48.Qb2 Qb4 0-1

[Event "R1 CEIT4 - MONTECH"]
[Site "Villeneuve-Tolosane"]
[Date "2007.04.01"]
[Round "7.5"]
[White "Benayoun, David"]
[Black "Wacker, Antoine"]
[Result "1-0"]
[WhiteElo "1710"]
[BlackElo "1390"]
[EventDate "2007.04.01"]
[PlyCount "93"]
[EventType "team"]
[WhiteTeam "CEIT4"]
[BlackTeam "MONTECH"]

1.g3 e5 2.Bg2 c6 3.e4 Bc5 4.Nf3 Qf6 5.b3 Nh6 6.Bb2 d6 7.h3 O-O 8.g4 Qf4 9.
d3 f6 10.Bc1 Nxg4 11.Bxf4 Nxf2 12.Qe2 Nxh1 13.Bxh1 exf4 14.Bg2 Re8 15.Nbd2
Na6 16.O-O-O Be3 17.Kb1 Bd7 18.Nc4 Bc5 19.Qd2 g5 20.Re1 b5 21.Nb2 Bb4 22.
c3 Ba5 23.Nd1 Rab8 24.Qb2 Nc5 25.Nf2 Bb6 26.d4 Na6 27.Ng4 Kg7 28.Qa3 Bc8 
29.Qxd6 Re6 30.Qa3 Nc7 31.Nd2 Bb7 32.e5 f5 33.Nf6 a5 34.Nd7 Nd5 35.Bxd5 
cxd5 36.Nxb8 Bc7 37.Nd7 b4 38.cxb4 Re7 39.Nc5 Bd6 40.Qxa5 Bxc5 41.bxc5 Bc6
42.Qd8 Rf7 43.Qxg5+ Kf8 44.Rg1 Ke8 45.e6 Rf8 46.e7 Rf7 47.Re1 1-0

[Event "R1 CEIT4 - MONTECH"]
[Site "Villeneuve-Tolosane"]
[Date "2007.04.01"]
[Round "7.4"]
[White "jourda, Dominique"]
[Black "Dia, Hussein"]
[Result "0-1"]
[WhiteElo "1699"]
[BlackElo "1699"]
[EventDate "2007.04.01"]
[PlyCount "72"]
[EventType "team"]
[WhiteTeam "MONTECH"]
[BlackTeam "CEIT4"]

1.e4 d5 2.exd5 Qxd5 3.Nc3 Qa5 4.Nf3 Nf6 5.d4 Bg4 6.Be2 e6 7.O-O Be7 8.Re1 
Nbd7 9.Ne5 Bxe2 10.Rxe2 c5 11.Nf3 cxd4 12.Nxd4 O-O 13.Nb3 Qc7 14.Be3 Ng4 
15.g3 Rad8 16.Rd2 Nde5 17.Nb5 Qc6 18.N5d4 Qe4 19.Qe2 h5 20.h3 Nxe3 21.fxe3
h4 22.g4 a5 23.a4 b6 24.c3 Bc5 25.Rf1 Be7 26.Na1 Bg5 27.Nac2 Rc8 28.Rb1 
Rfd8 29.Kf2 Nc4 30.Rdd1 f5 31.b3 Ne5 32.gxf5 exf5 33.c4 f4 34.Rg1 fxe3+ 
35.Ke1 Nd3+ 36.Kd1 Bf6 0-1

[Event "R1 CEIT4 - MONTECH"]
[Site "Villeneuve-Tolosane"]
[Date "2007.04.01"]
[Round "7.3"]
[White "Muneret, Maurice"]
[Black "Augé, Jean"]
[Result "1-0"]
[WhiteElo "1699"]
[BlackElo "1941"]
[EventDate "2007.04.01"]
[PlyCount "101"]
[EventType "team"]
[WhiteTeam "CEIT4"]
[BlackTeam "MONTECH"]

1.d4 f5 2.c4 Nf6 3.Nc3 e6 4.g3 c6 5.Bg2 d5 6.e3 Bb4 7.Bd2 dxc4 8.Nge2 O-O 
9.O-O Nbd7 10.Qc2 Nb6 11.a3 Bd6 12.Na2 a5 13.Nac3 e5 14.Na4 Be6 15.Nxb6 
Qxb6 16.Bc3 Qc7 17.dxe5 Bxe5 18.Bxe5 Qxe5 19.Nd4 Nd7 20.Rac1 Nb6 21.Rfd1 
Bd5 22.Bxd5+ cxd5 23.Ne2 g5 24.Rd4 Rae8 25.Qd2 a4 26.Rd1 Rf6 27.Nc3 f4 28.
gxf4 gxf4 29.exf4 Rg6+ 30.Kh1 Qf5 31.Rg1 Re6 32.Rg3 Rxg3 33.fxg3 Kg7 34.
Kg2 h5 35.Qd1 Kh6 36.Rd2 Rg6 37.Nxd5 Rd6 38.Nxb6 Qe4+ 39.Kf2 Rd3 40.Rxd3 
cxd3 41.Nxa4 Qd4+ 42.Kf3 h4 43.Nc3 hxg3 44.hxg3 Kg6 45.Qd2 Kh5 46.g4+ Kg6 
47.f5+ Kf7 48.Qe3 Qd8 49.Qe6+ Kf8 50.Qh6+ Kg8 51.f6 1-0

[Event "R1 CEIT4 - MONTECH"]
[Site "Villeneuve-Tolosane"]
[Date "2007.04.01"]
[Round "7.2"]
[White "Vuaillat, Jack"]
[Black "Bedel, Jean"]
[Result "1-0"]
[WhiteElo "1899"]
[BlackElo "1780"]
[EventDate "2007.04.01"]
[PlyCount "67"]
[EventType "team"]
[WhiteTeam "MONTECH"]
[BlackTeam "CEIT4"]

1.e4 c6 2.d4 d5 3.Nc3 dxe4 4.Nxe4 Nd7 5.Nf3 Ngf6 6.Nxf6+ Nxf6 7.Be2 Bf5 8.
O-O h6 9.c3 e6 10.Bf4 Bd6 11.Bxd6 Qxd6 12.Ne5 Qc7 13.Bd3 Bxd3 14.Nxd3 
O-O-O 15.b4 Rd5 16.Ne5 Rhd8 17.Qc2 h5 18.a4 Ng4 19.Nxg4 hxg4 20.f4 gxf3 
21.Rxf3 Rh5 22.h3 Rdh8 23.Qe4 g5 24.Raf1 R8h7 25.Rxf7 Rxf7 26.Qxe6+ Qd7 
27.Qxf7 Rh7 28.Qg8+ Kc7 29.Qxg5 Rg7 30.Qf4+ Kb6 31.Qe5 a6 32.Qc5+ Kc7 33.
a5 Qxh3 34.Qe5+ 1-0

[Event "R1 CEIT4 - MONTECH"]
[Site "Villeneuve-Tolosane"]
[Date "2007.04.01"]
[Round "7.1"]
[White "Landes, René"]
[Black "Bengueneb, Smain"]
[Result "1-0"]
[WhiteElo "1817"]
[BlackElo "1899"]
[EventDate "2007.04.01"]
[PlyCount "103"]
[EventType "team"]
[WhiteTeam "CEIT4"]
[BlackTeam "MONTECH"]

1.g4 e5 2.Bg2 d5 3.c4 d4 4.Qb3 c6 5.d3 Bxg4 6.Qxb7 Nd7 7.Bxc6 Rb8 8.Bxd7+ 
Bxd7 9.Qe4 Qc7 10.Nf3 Bc6 11.Qxe5+ Qxe5 12.Nxe5 Bxh1 13.f3 Bg2 14.Nc6 Rb7 
15.Nxd4 Bb4+ 16.Nc3 Ne7 17.Bf4 a6 18.Kf2 Bxc3 19.bxc3 Bh3 20.c5 Bd7 21.e4 
O-O 22.Nb3 Rc8 23.d4 f6 24.Rd1 Ba4 25.Rb1 Nc6 26.d5 Ne5 27.Bxe5 fxe5 28.c6
Rb6 29.Ke3 Kf7 30.f4 Kf6 31.fxe5+ Kxe5 32.Rf1 Rc7 33.Nc5 Bb5 34.Rf5+ Kd6 
35.Kd4 Ke7 36.Re5+ Kf7 37.c4 Bxc6 38.dxc6 Rcxc6 39.Rd5 Rd6 40.Nd3 g5 41.c5
Rxd5+ 42.exd5 Rb5 43.Ke5 Ra5 44.Kd6 Ke8 45.c6 Rxa2 46.c7 Rc2 47.Nc5 Rxc5 
48.Kxc5 Kd7 49.d6 h5 50.Kb6 g4 51.Kb7 Kxd6 52.c8=Q 1-0

[Event "N4"]
[Site "?"]
[Date "2007.04.01"]
[Round "7.8"]
[White "Bashayar, Serguey"]
[Black "RAjna, Jacob"]
[Result "1-0"]
[WhiteElo "1499"]
[BlackElo "1460"]
[EventDate "2007.04.01"]
[PlyCount "39"]

1.e4 e5 2.Nf3 Nc6 3.Bc4 Be7 4.Nc3 Nf6 5.d3 d6 6.h3 O-O 7.a3 Be6 8.Nd5 Na5 
9.Ba2 Kh8 10.Bd2 b6 11.Ng5 Nxd5 12.Nxe6 fxe6 13.exd5 Bh4 14.O-O exd5 15.b4
Nb7 16.Bxd5 Rb8 17.Qh5 Qf6 18.f4 e4 19.Bxe4 Nd8 20.Qxh7# 1-0

[Event "N4"]
[Site "?"]
[Date "2007.04.01"]
[Round "7.7"]
[White "Bouet, Arnaud"]
[Black "Devon, Michel"]
[Result "0-1"]
[WhiteElo "1480"]
[BlackElo "1550"]
[EventDate "2007.04.01"]
[PlyCount "86"]

1.c4 e5 2.Nc3 Nf6 3.g3 g6 4.Bg2 Bg7 5.d3 d6 6.Bg5 Nbd7 7.Nf3 O-O 8.O-O Rb8
9.Qd2 Re8 10.Rab1 b6 11.e4 Bb7 12.Rfc1 Nc5 13.Nd5 Ne6 14.Be3 c6 15.Nxf6+ 
Bxf6 16.Bh6 Qe7 17.h4 Rbd8 18.Qe3 Nc7 19.Ng5 Bc8 20.Kh2 Ne6 21.Nxe6 Bxe6 
22.Bh3 Rd7 23.Qf3 Rdd8 24.Bxe6 fxe6 25.Rd1 d5 26.b3 Qc7 27.Qg4 Qd6 28.Qf3 
Qe7 29.Rd2 d4 30.Rh1 Bg7 31.Bxg7 Kxg7 32.Kg2 Qb4 33.Rc2 a5 34.h5 Qe7 35.g4
Rd6 36.Qh3 h6 37.Kf1 g5 38.c5 Rdd8 39.cxb6 Rb8 40.Qg3 Rxb6 41.Kg2 Rf8 42.
Rhc1 Rf4 43.Qf3 Rxf3 0-1

[Event "N4"]
[Site "?"]
[Date "2007.04.01"]
[Round "7.6"]
[White "Jarlaud, Jean-luc"]
[Black "Lecoultre, Patrick"]
[Result "0-1"]
[WhiteElo "1499"]
[BlackElo "1738"]
[EventDate "2007.04.01"]
[Annotator "Alexandre,IWANESKO"]
[PlyCount "47"]

1.d4 Nf6 2.Nf3 e6 3.c4 c5 4.Nc3 d5 5.Bg5 cxd4 6.Nxd4 dxc4 7.a3 h6 8.Bh4 g5
9.Bg3 Bc5 10.Nf3 Qb6 11.e4 Ng4 12.Qd2 Qb3 13.Be2 Nc6 14.O-O Bd7 15.Rac1 
O-O-O 16.Nb1 Be8 
    ( 16...Ne3 $1 17.fxe3 )
17.Qc3 Qxc3 18.Nxc3 h5 19.Nxg5 Rd2 20.h3 Nge5 21.Rb1 Nd3 22.b4 Bd4 23.Nd1 
Rxe2 24.Nf3 0-1

[Event "N4"]
[Site "?"]
[Date "2007.04.01"]
[Round "7.6"]
[White "DE jong, Arjen"]
[Black "Jarlaud, Lucas"]
[Result "1-0"]
[WhiteElo "1830"]
[BlackElo "1490"]
[EventDate "2007.04.01"]
[PlyCount "89"]

1.e4 c5 2.d3 Nc6 3.Be2 g6 4.c3 Bg7 5.Nf3 e6 6.O-O Nge7 7.Be3 O-O 8.Bxc5 d5
9.Nbd2 b6 10.Ba3 Bb7 11.d4 Re8 12.e5 a5 13.Re1 Nc8 14.Nf1 N8a7 15.Qd2 Bc8 
16.Bd3 Rb8 17.Ne3 b5 18.Bc5 Rb7 19.a3 Bd7 20.Ng4 Bc8 21.Nh6+ Kh8 22.Ng4 
Kg8 23.h4 h5 24.Nh6+ Kh8 25.Qf4 Qd7 26.Ng5 Bxh6 27.Nxf7+ Qxf7 28.Qxh6+ Qh7
29.Qg5 Rg8 30.Re3 Bd7 31.Rf3 Rbb8 32.Rf6 Be8 33.Rxe6 Bf7 34.Rf6 Rb7 35.Re1
Nc8 36.e6 Be8 37.Re3 N8e7 38.Bd6 Qg7 39.Ref3 Kh7 40.Qxh5+ Qh6 41.Qg4 a4 
42.h5 Kg7 43.hxg6 Bxg6 44.Bf4 Kxf6 45.Be5# 1-0

[Event "N4"]
[Site "?"]
[Date "2007.04.01"]
[Round "7.4"]
[White "Nougayrede"]
[Black "Lezaud, Pacal"]
[Result "1/2-1/2"]
[WhiteElo "1850"]
[BlackElo "1540"]
[EventDate "2007.04.01"]
[PlyCount "74"]

1.d4 Nf6 2.Nf3 g6 3.c4 Bg7 4.Nc3 O-O 5.e4 d6 6.Be2 e5 7.d5 Nbd7 8.b4 Ne8 
9.Rb1 Ndf6 10.O-O h6 11.h3 Nh5 12.Rb3 Bd7 13.a4 f5 14.b5 Nef6 15.Nh2 Rf7 
16.exf5 Bxf5 17.Ng4 Nf4 18.Nxf6+ Qxf6 19.Bxf4 exf4 20.Bd3 Re8 21.Ne2 f3 
22.Ng3 Bxh3 23.gxh3 Qh4 24.Kh2 Kh7 25.Qc2 Rf6 26.Be4 Ref8 27.Qd1 Rf4 28.
Rxf3 Be5 29.Rxf4 Qxf4 30.Qg4 Qf7 31.Kg2 Bxg3 32.Kxg3 Qf6 33.Kg2 Kg7 34.h4 
Re8 35.f3 Re5 36.Kh3 h5 37.Qg3 Rxe4 1/2-1/2

[Event "N4"]
[Site "?"]
[Date "2007.04.01"]
[Round "7.3"]
[White "Rizzo, Carlo"]
[Black "Hoareau, Nicolas"]
[Result "0-1"]
[WhiteElo "1600"]
[BlackElo "1840"]
[EventDate "2007.04.01"]
[Annotator "Alexandre,IWANESKO"]
[PlyCount "90"]

1.c4 e5 2.g3 Nc6 3.Bg2 Nge7 4.Nc3 g6 5.e4 Bg7 6.Nge2 O-O 7.O-O d6 8.d3 Be6
9.a3 a5 10.Bg5 h6 11.Bd2 Qd7 12.Nd5 a4 13.Nec3 Nd4 14.Nxe7+ Qxe7 15.Nxa4 
b5 16.Nc3 bxc4 17.Nd5 Bxd5 18.exd5 cxd3 19.Be3 Ne2+ 20.Kh1 e4 21.Rb1 Bxb2 
22.Bxh6 Rfb8 23.Bd2 Qe5 24.Re1 Rxa3 25.Rxe2 dxe2 26.Qxe2 f5 27.Bf4 Qxd5 
28.Bc1 Ra1 29.Rxa1 Bxa1 30.h4 Qd3 31.Qa2+ Qb3 32.Qxa1 Kf7 33.Bg5 Qb1+ 34.
Qxb1 Rxb1+ 35.Kh2 d5 36.Be3 Rd1 37.g4 d4 38.Bf4 c5 39.gxf5 gxf5 40.Bh3 Kf6
41.h5 d3 42.h6 d2 43.h7 Rh1+ 44.Kxh1 
    ( 44.Kg3 $3 $16 )
44...d1=Q+ 45.Kh2 Qh5 0-1

[Event "N4"]
[Site "?"]
[Date "2007.04.01"]
[Round "7.2"]
[White "Gregory, Daniel"]
[Black "Jarlaud, Levy"]
[Result "0-1"]
[WhiteElo "2075"]
[BlackElo "1690"]
[EventDate "2007.04.01"]
[PlyCount "70"]

1.Nf3 c5 2.g3 g6 3.Bg2 Bg7 4.O-O Nc6 5.c4 e5 6.d3 Nge7 7.Nc3 O-O 8.Rb1 a5 
9.Bd2 d6 10.a3 Rb8 11.Qc1 Bd7 12.Re1 Nd4 13.Nxd4 cxd4 14.Nd5 Nxd5 15.Bxd5 
Bc6 16.Bxc6 bxc6 17.b4 axb4 18.axb4 d5 19.e4 dxe4 20.Rxe4 f5 21.Re1 Re8 
22.Ra1 e4 23.dxe4 fxe4 24.Ra7 Qb6 25.Qa1 Rb7 26.Ra6 Qd8 27.Qa4 e3 28.Qxc6 
Rbe7 29.fxe3 dxe3 30.Bc1 e2 31.Ra3 Kh8 32.Qd5 Rd7 33.Qf3 Rd1 34.Kf2 Rxe1 
35.Kxe1 Qd1+ 0-1

[Event "REG 1- R7"]
[Site "Villeneuve"]
[Date "2007.04.01"]
[Round "7"]
[White "Lelong, Adelin"]
[Black "Golic, Nadil"]
[Result "0-1"]
[WhiteElo "1540"]
[BlackElo "2000"]
[EventDate "2007.??.??"]
[PlyCount "120"]
[WhiteTeam "Foix"]
[BlackTeam "Auch"]

1.e4 c5 2.Nf3 d6 3.Nc3 a6 4.d4 cxd4 5.Nxd4 Nf6 6.Bc4 e6 7.Bg5 Be7 8.O-O 
O-O 9.Re1 Qc7 10.Bd3 Nbd7 11.Nf3 b5 12.Qe2 Bb7 13.Qe3 e5 14.Nd5 Nxd5 15.
exd5 f6 16.Qe4 g6 17.Bh6 f5 18.Qe3 f4 19.Qe2 Rf7 20.Ng5 Bxg5 21.Bxg5 Nf6 
22.Bxf6 Rxf6 23.c4 bxc4 24.Bxc4 Raf8 25.f3 Qc5+ 26.Kh1 Bxd5 27.Bxd5+ Qxd5 
28.Qxa6 Ra8 29.Qb6 Rxa2 30.Rxa2 Qxa2 31.Qd8+ Kg7 32.h3 Qd5 33.b4 Rf8 34.
Qb6 Rc8 35.b5 Rc5 36.Qa7+ Qf7 37.Qxf7+ Kxf7 38.Rb1 Rc7 39.Kg1 Rb7 40.b6 
Ke6 41.Kf2 Kd5 42.Ke2 Kc6 43.Kd3 Rxb6 44.Rxb6+ Kxb6 45.Kc4 Kc6 46.h4 h6 
47.Kd3 d5 48.Kc3 Kc5 49.Kd3 Kb4 50.Kd2 Kc4 51.Kc2 e4 52.fxe4 dxe4 53.Kd2 
g5 54.hxg5 hxg5 55.Ke2 g4 56.Kd2 Kd4 57.Ke2 e3 58.Ke1 Kd3 59.Kd1 f3 60.
gxf3 gxf3 0-1